000 00409nam a2200181Ia 4500
003 OSt
005 20221118115317.0
008 210210b1904 xxu||||| |||| 00| 0 eng d
040 _cAL
041 _aeng
082 _a825/1167
100 _aTAYLOR
_962630
245 _aGosse
260 _aLondon
_bMacmillan & Co. Ltd.
_c1904
690 _aEnglish Criticism
_962631
906 _a015481
942 _2ddc
_cBK
999 _c134850
_d134850